MLB 2025 Projected Lineups - Statistics

General Stats
  • This quiz has been taken 1,113 times
    843 since last reset
  • The average score is 174 of 420
Answer Stats
Team Pos Player % Correct
NYY RF Aaron Judge
92%
NYY SS Anthony Volpe
84%
WAS DH Josh Bell
84%
NYY SP Gerrit Cole
83%
NYY 1B Paul Goldschmidt
82%
NYY CF Cody Bellinger
81%
TOR 1B Vladimir Guerrero Jr.
81%
BOS 3B Rafael Devers
80%
TOR SS Bo Bichette
76%
BOS 2B Alex Bregman
75%
NYY C Austin Wells
75%
NYY DH Giancarlo Stanton
75%
BAL SS Gunnar Henderson
75%
CLE 3B Jose Ramirez
74%
SEA CF Julio Rodriguez
74%
ARI SP Eduardo Rodriguez
73%
BAL SP Grayson Rodriguez
73%
NYY SP Max Fried
73%
LAD 1B Freddie Freeman
72%
NYY 2B Jazz Chisholm Jr.
72%
BAL C Adley Rutschman
71%
KC SS Bobby Witt Jr.
71%
ARI DH Pavin Smith
71%
LAD C Will Smith
71%
PHI 1B Bryce Harper
69%
CIN SS Elly De La Cruz
69%
NYM SS Francisco Lindor
69%
BOS SP Garrett Crochet
69%
BOS LF Jarren Duran
69%
NYM RF Juan Soto
69%
LAD SS Mookie Betts
69%
HOU DH Yordan Alvarez
69%
CLE C Bo Naylor
68%
HOU 2B Jose Altuve
68%
ARI 1B Josh Naylor
68%
CHC 3B Justin Turner
68%
LAA CF Mike Trout
68%
NYM 1B Pete Alonso
68%
ATL RF Ronald Acuna Jr.
68%
KC C Salvador Perez
68%
PHI SS Trea Turner
68%
TEX SS Corey Seager
67%
MIA SP Eury Perez
67%
LAD DH Shohei Ohtani
67%
DET SP Tarik Skubal
67%
TB 1B Yandy Diaz
67%
TEX RF Adolis Garcia
66%
TOR C Alejandro Kirk
66%
ARI SP Corbin Burnes
66%
WAS 2B Luis Garcia Jr.
66%
NYY SP Luis Gil
66%
KC 3B Maikel Garcia
66%
ATL 1B Matt Olson
66%
LAD LF Teoscar Hernandez
66%
HOU C Yainer Diaz
66%
BAL CF Cedric Mullins
65%
NYM C Francisco Alvarez
65%
PIT CF Oneil Cruz
65%
PIT SP Paul Skenes
65%
ARI 2B Ketel Marte
64%
SD 3B Manny Machado
64%
TB 2B Brandon Lowe
63%
SEA SP Bryan Woo
63%
SD RF Fernando Tatis Jr.
63%
TOR RF George Springer
63%
TB RF Josh Lowe
63%
WAS 1B Nathaniel Lowe
63%
BOS 1B Triston Casas
63%
PHI SP Zack Wheeler
63%
ATL 3B Austin Riley
62%
NYY SP Carlos Rodon
62%
CHC SP Colin Rea
62%
BAL 2B Jackson Holliday
62%
LAD 3B Max Muncy
62%
BOS SS Trevor Story
62%
PHI 3B Alec Bohm
61%
TOR DH Anthony Santander
61%
MIN CF Byron Buxton
61%
MIN SS Carlos Correa
61%
ATL SP Chris Sale
61%
HOU 1B Christian Walker
61%
CIN SP Hunter Greene
61%
STL RF Jordan Walker
61%
SEA SS J.P. Crawford
61%
PHI C J.T. Realmuto
61%
BOS SP Kutter Crawford
61%
PHI DH Kyle Schwarber
61%
TEX 2B Marcus Semien
61%
ATL 2B Ozzie Albies
61%
DET LF Riley Greene
61%
STL 1B Willson Contreras
61%
SEA C Cal Raleigh
60%
ARI RF Corbin Carroll
60%
ATL CF Michael Harris II
60%
STL 3B Nolan Arenado
60%
LAD SP Blake Snell
59%
WAS LF James Wood
59%
CHC RF Kyle Tucker
59%
ATL DH Marcell Ozuna
59%
MIL LF Christian Yelich
58%
ARI 3B Eugenio Suarez
58%
TOR SP Kevin Gausman
58%
CHW CF Luis Robert Jr.
58%
PHI SP Ranger Suarez
58%
BAL 1B Ryan Mountcastle
58%
LAD SP Yoshinobu Yamamoto
58%
PHI SP Aaron Nola
57%
PHI 2B Bryson Stott
57%
DET SS Javier Baez
57%
TOR SP Max Scherzer
57%
MIL C William Contreras
57%
SF SS Willy Adames
57%
CHC SS Dansby Swanson
56%
LAD SP Dustin May
56%
TEX SP Jacob deGrom
56%
DET 1B Spencer Torkelson
56%
TOR 2B Andres Gimenez
55%
HOU SP Framber Valdez
55%
DET 2B Gleyber Torres
55%
NYY LF Jasson Dominguez
55%
HOU SS Jeremy Pena
55%
SF 3B Matt Chapman
55%
ATL C Sean Murphy
55%
CLE LF Steven Kwan
55%
ATL SP Spencer Strider
54%
NYM LF Brandon Nimmo
53%
OAK DH Brent Rooker
53%
TEX SP Jon Gray
53%
WAS SP Josiah Gray
53%
STL SP Sonny Gray
53%
BOS RF Wilyer Abreu
53%
SD SS Xander Bogaerts
53%
KC SP Alec Marsh
52%
PHI LF Brandon Marsh
52%
WAS SS C.J. Abrams
52%
BOS C Connor Wong
52%
TB SS Ha-Seong Kim
52%
SD CF Jackson Merrill
52%
NYM 2B Jeff McNeil
52%
SEA LF Randy Arozarena
52%
LAD SP Tyler Glasnow
52%
PHI SP Cristopher Sanchez
51%
MIA RF Jesus Sanchez
51%
SF CF Jung Hoo Lee
51%
PHI CF Nick Castellanos
51%
ARI SP Zac Gallen
51%
NYY 3B D.J. LeMahieu
50%
PIT SP Jared Jones
50%
TOR SP Jose Berrios
50%
SF SP Justin Verlander
50%
CHW C Korey Lee
50%
SEA SP Luis Castillo
50%
COL LF Nolan Jones
50%
ATL SS Orlando Arcia
50%
MIA 2B Otto Lopez
50%
MIN SP Pablo Lopez
50%
ATL SP Reynaldo Lopez
50%
MIA SP Sandy Alcantara
50%
CHC DH Seiya Suzuki
50%
KC 1B Vinnie Pasquantino
50%
TOR CF Daulton Varsho
49%
SD 1B Luis Arraez
49%
LAD SP Clayton Kershaw
48%
MIA SP Edward Cabrera
48%
SD 2B Jake Cronenworth
48%
ATL LF Jurickson Profar
48%
SEA SP Logan Gilbert
48%
SF SP Logan Webb
48%
LAD 2B Tommy Edman
48%
BOS CF Ceddanne Rafaela
47%
MIL CF Jackson Chourio
47%
OAK RF Lawrence Butler
47%
NYY SP Marcus Stroman
47%
KC SP Cole Ragans
46%
SD SP Dylan Cease
46%
SEA SP George Kirby
46%
TEX C Jonah Heim
46%
TEX 3B Josh Jung
46%
NYM SP Kodai Senga
46%
TEX SP Nathan Eovaldi
46%
CHC 2B Nico Hoerner
46%
CHC CF Pete Crow-Armstrong
46%
MIN 3B Royce Lewis
46%
KC SP Seth Lugo
46%
CLE DH Carlos Santana
45%
CHC LF Ian Happ
45%
TEX 1B Jake Burger
45%
KC 2B Jonathan India
45%
DET DH Kerry Carpenter
45%
BOS DH Masataka Yoshida
45%
BOS SP Walker Buehler
45%
BOS SP Brayan Bello
44%
PIT LF Bryan Reynolds
44%
SEA SP Bryce Miller
44%
COL SS Ezequiel Tovar
44%
HOU 3B Isaac Paredes
44%
CLE CF Lane Thomas
44%
NYM 3B Mark Vientos
44%
BAL DH Ryan O'Hearn
44%
CHC SP Shota Imanaga
44%
BOS SP Tanner Houck
44%
TEX CF Wyatt Langford
44%
LAA 3B Anthony Rendon
43%
OAK CF Esteury Ruiz
43%
WAS C Keibert Ruiz
43%
ARI LF Lourdes Gurriel Jr.
43%
BAL LF Tyler O'Neill
43%
ARI SS Geraldo Perdomo
42%
BAL 3B Jordan Westburg
42%
STL SS Masyn Winn
42%
MIL 1B Rhys Hoskins
42%
TB SP Shane McClanahan
42%
SD SP Yu Darvish
42%
LAA SS Zach Neto
42%
MIL 2B Brice Turang
41%
MIL SP Freddy Peralta
41%
PIT 3B Ke'Bryan Hayes
41%
LAA C Logan O'Hoppe
41%
PHI RF Max Kepler
41%
SD SP Michael King
41%
LAA LF Taylor Ward
41%
BAL RF Colton Cowser
40%
ARI C Gabriel Moreno
40%
CLE SP Gavin Williams
40%
DET SP Jack Flaherty
40%
CHC SP Justin Steele
40%
OAK SP Luis Severino
40%
BAL SP Zach Eflin
40%
CHW LF Andrew Benintendi
39%
PIT DH Andrew McCutchen
39%
CHW 1B Andrew Vaughn
39%
TOR SP Chris Bassitt
39%
OAK SS Jacob Wilson
39%
SEA 2B Jorge Polanco
39%
ARI SP Merrill Kelly
39%
BAL SP Charlie Morton
38%
NYM SP Clay Holmes
38%
DET C Jake Rogers
38%
TB 3B Junior Caminero
38%
LAD RF Michael Conforto
38%
MIL SP Nestor Cortes
38%
COL 3B Ryan McMahon
38%
OAK C Shea Langeliers
38%
BAL SP Trevor Rogers
38%
WAS RF Dylan Crews
37%
CLE RF Jhonkensy Noel
37%
TEX DH Joc Pederson
37%
MIN SP Joe Ryan
37%
CHC 1B Michael Busch
37%
PIT SP Mitch Keller
37%
CLE SP Tanner Bibee
37%
NYM CF Jose Siri
36%
COL DH Kris Bryant
36%
WAS SP MacKenzie Gore
36%
MIA SP Max Meyer
36%
SF C Patrick Bailey
36%
MIL SP Brandon Woodruff
35%
COL CF Brenton Doyle
35%
HOU RF Chas McCormick
35%
MIL SS Joey Ortiz
35%
CIN C Tyler Stephenson
35%
LAA SP Yusei Kikuchi
35%
TB C Danny Jansen
34%
PHI SP Jesus Luzardo
34%
STL LF Lars Nootbaar
34%
CLE SP Luis L. Ortiz
34%
KC LF M.J. Melendez
34%
NYM SP Sean Manaea
34%
TEX LF Evan Carter
33%
PIT C Henry Davis
33%
LAA RF Jo Adell
33%
MIL RF Sal Frelick
33%
TOR 3B Ernie Clement
32%
ATL SP Spencer Schwellenbach
32%
CIN DH Spencer Steer
32%
SF 1B LaMonte Wade Jr.
31%
KC SP Michael Wacha
31%
MIN C Ryan Jeffers
31%
OAK 1B Tyler Soderstrom
31%
MIA SS Xavier Edwards
31%
CLE SS Brayan Rocchio
30%
DET 3B Colt Keith
30%
KC RF Hunter Renfroe
30%
LAD CF James Outman
30%
COL SP Kyle Freeland
30%
CIN 2B Matt McLain
30%
SF RF Mike Yastrzemski
30%
STL SP Miles Mikolas
30%
DET CF Parker Meadows
30%
ARI SP Brandon Pfaadt
29%
COL SP German Marquez
29%
SF LF Heliot Ramos
29%
HOU CF Jake Meyers
29%
NYM DH Jesse Winker
29%
STL 2B Nolan Gorman
29%
LAA 1B Nolan Schanuel
29%
SF SP Robbie Ray
29%
TB SP Shane Baz
29%
TB SP Taj Bradley
29%
CIN SP Brady Singer
28%
KC CF Kyle Isbel
28%
LAA 2B Luis Rengifo
28%
CHW 3B Miguel Vargas
28%
SF DH Wilmer Flores
28%
STL DH Alec Burleson
27%
DET SP Casey Mize
27%
TB DH Christopher Morel
27%
MIN RF Harrison Bader
27%
CIN LF T.J. Friedl
27%
STL CF Victor Scott II
27%
MIN SP Bailey Ober
26%
OAK LF J.J. Bleday
26%
CHC C Miguel Amaya
26%
SD SP Nick Pivetta
26%
OAK 2B Zack Gelof
26%
NYM SP Frankie Montas
25%
STL C Ivan Herrera
25%
ARI CF Jake McCarthy
25%
LAA SP Kyle Hendricks
25%
DET RF Matt Vierling
25%
CIN 1B Christian Encarnacion-Strand
24%
WAS CF Jacob Young
24%
CLE 1B Kyle Manzardo
24%
SEA DH Mitch Garver
24%
SEA RF Mitch Haniger
24%
CIN SP Nick Lodolo
24%
BAL SP Kyle Bradish
23%
CHW 2B Lenyn Sosa
23%
PIT RF Tommy Pham
23%
SD LF Connor Joe
22%
TOR LF Davis Schneider
22%
SEA 3B Dylan Moore
22%
PIT SS Isiah Kiner-Falefa
22%
CIN 3B Jeimer Candelario
22%
SD C Luis Campusano
22%
HOU LF Mauricio Dubon
22%
COL 1B Michael Toglia
22%
SF 2B Tyler Fitzgerald
22%
TOR SP Bowden Francis
21%
MIN 2B Edouard Julien
21%
SD DH Eguy Rosario
21%
OAK SP J.P. Sears
21%
HOU SP Lance McCullers
21%
CHC SP Matthew Boyd
21%
HOU SP Ronel Blanco
21%
COL 2B Thairo Estrada
21%
LAA DH Travis d'Arnaud
21%
MIN DH Willi Castro
21%
CIN RF Jake Fraley
20%
SF SP Jordan Hicks
20%
HOU SP Cristian Javier
19%
MIA DH Dane Myers
19%
MIA LF Derek Hill
19%
OAK SP Jeffrey Springs
19%
MIN 1B Jose Miranda
19%
CHW RF Mike Tauchman
19%
LAA SP Reid Detmers
19%
MIN SP Simeon Woods Richardson
19%
CIN CF Will Benson
19%
STL SP Erick Fedde
18%
COL C Jacob Stallings
18%
TB LF Jose Caballero
18%
SF SP Kyle Harrison
18%
MIA CF Kyle Stowers
18%
MIN LF Trevor Larnach
18%
DET SP Alex Cobb
17%
CIN SP Andrew Abbott
17%
TEX SP Kumar Rocker
17%
MIA C Nick Fortes
17%
PIT 1B Spencer Horwitz
17%
CHW SS Brooks Baldwin
16%
MIA 3B Connor Norby
16%
COL SP Austin Gomber
15%
ATL SP Bryce Elder
15%
WAS SP Jake Irvin
15%
CLE SP John Means
15%
DET SP Kenta Maeda
15%
KC SP Michael Lorenzen
15%
WAS SP Mitchell Parker
15%
NYM SP Paul Blackburn
15%
CLE SP Ben Lively
14%
HOU SP Spencer Arrighetti
14%
MIL SP Aaron Civale
13%
SEA 1B Donovan Solano
13%
TB CF Jonny DeLuca
13%
LAA SP Jose Soriano
13%
STL SP Steven Matz
13%
TB SP Zack Littell
13%
PIT SP Bailey Falter
12%
CHW SP Jonathan Cannon
12%
SD SP Matt Waldron
12%
COL SP Antonio Senzatela
11%
STL SP Andre Pallante
10%
MIA SP Cal Quantrill
10%
CLE 2B Daniel Schneemann
10%
MIL SP D.L. Hall
10%
PIT 2B Jared Triolo
10%
CHW SP Drew Thorpe
9%
TB SP Garrett Cleavinger
9%
MIA 1B Jonah Bride
9%
MIN SP Zebby Matthews
9%
MIL 3B Andruw Monasterio
8%
MIL DH Eric Haase
8%
CHC SP Javier Assad
8%
OAK SP Mitch Spence
8%
KC DH Nelson Velazquez
8%
COL SP Ryan Feltner
8%
COL RF Sam Hilliard
8%
TEX SP Cody Bradford
7%
WAS SP D.J. Herz
7%
PIT SP Johan Oviedo
7%
OAK SP Osvaldo Bido
7%
CIN SP Rhett Lowder
7%
CHW DH Dominic Fletcher
6%
CHW SP Ky Bush
6%
LAA SP Jack Kochanowicz
5%
OAK 3B Max Schuemann
5%
WAS 3B Trey Lipscomb
4%
CHW SP Nick Nastrini
2%
CHW SP Jesse Scholtens
1%
No matching quizzes found
Score Distribution
Percent of People with Each Score
Percentile by Number Answered
Your Score History
You have not taken this quiz since the last reset